000 00647nam a22001817a 4500
999 _c168188
_d168188
010 _aB-730453
020 _a9788129148278
_c195.00
035 _aB-730453
037 _adpl
_bRupa Publication
082 _a793.73
100 _aObrien, Derek
245 _aThe India A-Z quiz book /
_cby Derek O’Brien
260 _aNew Delhi
_bRupa Publications
_c2018
270 _a4379/4B, Prakash House, Ansari Road,
_bNew Delhi
_e110002
300 _a182p.
_c20cm(pbk)
942 _2ddc
_cCH
_mOBR
_h793.73